000 00305pam a2200133 a 4500
020 _c
041 _aeng
082 _a660.62
_bNEI
100 _aNeil I.Morgan.
245 _aIndustrial Microbiology
_hTextual Documents
260 _a[s.l]:
_bBlackwell Science
700 _aJohn S.Rockey.
930 _a14032
999 _c90933
_d90933